Stav sbližování bankovního práva České republiky a Evropské unie

Európska dohoda a jej vplyv na vývoj českého bankovníctva. Priame investície a nová právna úprava vyplývajúca z asociačnej dohody. Biela kniha o vnútornom obchode - jej základom je zoznam legislatívy podľa jednotlivých odvetví ekonomiky. Pomoc programu PHARE - účasť ČR v podprograme Aproximácia práv...

Descrizione completa

Salvato in:
Dettagli Bibliografici
Autore principale: Holiš, J.
Altri autori: Klimeš, M.
Natura: Capitolo di libro
Lingua:ceco
Soggetti:
Tags: Aggiungi Tag
Nessun Tag, puoi essere il primo ad aggiungerne!!

MARC

LEADER 00000naa a2200000 4500
001 r017596
005 20221208130653.6
041 0 |a cze 
044 |a CZ 
245 1 0 |a Stav sbližování bankovního práva České republiky a Evropské unie  |c J. Holiš, M. Klimeš 
520 |a Európska dohoda a jej vplyv na vývoj českého bankovníctva. Priame investície a nová právna úprava vyplývajúca z asociačnej dohody. Biela kniha o vnútornom obchode - jej základom je zoznam legislatívy podľa jednotlivých odvetví ekonomiky. Pomoc programu PHARE - účasť ČR v podprograme Aproximácia práva. Dosiahnutý stupeň harmonizácie práva. 
610 2 0 |a bankovníctvo 
610 2 0 |a Česko 
610 2 0 |a Európska únia 
610 2 0 |a právo medzinárodné 
610 2 0 |a Biela kniha 
100 1 |a Holiš, J. 
700 1 |a Klimeš, M.